Stile e idea

Saved in:
Bibliografiske detaljer
Hovedforfatter: Schönberg, Arnold (Author)
Format: Bog
Sprog:italiensk
Udgivet: Milán Rusconi e Paolazzi 1960
Fag:
Tags: Tilføj Tag
Ingen Tags, Vær først til at tagge denne postø!

MARC

LEADER 00000nam a2200000 a 4500
001 UCV9877
003 CL-VaPUC
008 930708e19600000IT |||||||||||||||||ita|d
082 0 4 |a 781.268  |b SCH  |2 21 
100 0 |a Schönberg, Arnold  |e author  |9 303874 
245 1 0 |a Stile e idea 
300 |a 237 p 
942 |c BK 
945 |d 19930708 00:00:00 
260 |a Milán  |b Rusconi e Paolazzi  |c 1960 
650 7 |a ESTILO MUSICAL  |2 CL-VaPUC  |9 268832 
583 |a last modification  |c 19930708 00:00:00  |k Rodrigo Vera 
999 |c 215153  |d 215151 
952 |0 0  |1 0  |4 0  |6 781_268000000000000_SCH_1960  |7 0  |8 A  |9 199159  |a BIBARQ  |b BIBARQ  |d 2019-11-14  |i 2664771  |o 781.268 SCH 1960  |p 2664771  |r 2025-01-20  |w 2019-11-14  |y BK  |k ARQ